| 000 | 00404cam a2200145Ia 4500 | ||
|---|---|---|---|
| 020 | _a1741143322 | ||
| 040 | _cVYF | ||
| 082 | _a940 ALL 2005 A103 Or. | ||
| 100 | 1 | _aStanley, Peter, | |
| 245 | 1 | 0 | _aQuinn's Post, Anzac, Gallipoli / |
| 260 |
_aCrows Nest, NSW : _bAllen & Unwin, _c2005 |
||
| 300 |
_axxii, 226 p., [24] p. of plates : _bill., maps ; _c23 cm |
||
| 650 | 0 | _aWorld War, 1914-1918 | |
| 942 | _cEK | ||
| 999 |
_c13888 _d13888 |
||